SURGICAL & MEDICAL PROCEDURES FOR NURSES & PARA MEDICAL STAFF (Record no. 10907)

MARC details
000 -LEADER
fixed length control field 00324nam a22001337a 4500
003 - CONTROL NUMBER IDENTIFIER
control field SGT
082 ## - DEWEY DECIMAL CLASSIFICATION NUMBER
Classification number 610.7367
Item number S05N
100 ## - MAIN ENTRY--PERSONAL NAME
Personal name NATHAN, PRAKASH
245 ## - TITLE STATEMENT
Title SURGICAL & MEDICAL PROCEDURES FOR NURSES & PARA MEDICAL STAFF
260 ## - PUBLICATION, DISTRIBUTION, ETC. (IMPRINT)
Place of publication, distribution, etc INDIA
Name of publisher, distributor, etc JAYPEE
Year of Publication 2005
300 ## - PAGE DESCRIPTION
No. of Pages 175
650 ## - SUBJECT ADDED ENTRY--TOPICAL TERM
Topical term or geographic name as entry element SURGERY
942 ## - ADDED ENTRY ELEMENTS (KOHA)
Source of classification or shelving scheme Dewey Decimal Classification
Koha item type Books
942 ## - ADDED ENTRY ELEMENTS (KOHA)
-- 1
Holdings
Withdrawn status Lost status Source of classification or shelving scheme Damaged status Not for loan Collection code Home library Current library Shelving location Date acquired Vendor Name Cost, normal purchase price SGTU Bill Number Total Checkouts Full call number Accession No. (Barcode) Date last seen Date last borrowed Bill Date Koha item type
    Dewey Decimal Classification     NURSING SGT Medical Library SGT Medical Library Text Book 13/02/2017 ABC 275.00 SGTU 7429 2 610.7367 S05N FN3299 27/01/2026 13/01/2026 04/11/2016 Books
    Dewey Decimal Classification     NURSING SGT Medical Library SGT Medical Library Text Book 13/02/2017 ABC 275.00 SGTU 7429   610.7367 S05N FN3300 13/02/2017   04/11/2016 Books